Harry Potter: les Trolls - Statistiques

Statistiques générales
  • Ce quiz a été pris 70 fois
    49 depuis la dernière actualisation
  • Le résultat moyen est 8 sur 19
Statistiques - réponses
Information Réponse % Correct
Première apparition Harry Potter à l'école des sorciers
92%
Derniere apparition Harry Potter et les Reliques de la Mort
83%
Personne qui l'a placé là Quirinus Quirrell
83%
Description Humanoïde
78%
Endroit où un troll est introduit à Poudlard en 1991 Dans les cachots
69%
Date d'intrusion 31 octobre 1991
58%
Sorte de Troll Troll des Montagnes
53%
Raison pour laquelle il a fat ça Pour voler la pierre philosophale
47%
Statut Animal
39%
Statut Animal
39%
Auteur Gilderoy Lockhart
28%
Partie du corps pouvant être utilisé comme cœur de baguette Poil de moustache
19%
Caractère Stupide, Imprévisible, Colérique
19%
Livre sur les Trolls Randonnées avec les Trolls
17%
Sorte de Troll Troll des Forêts
17%
Sorte de Troll Troll des Rivières
14%
Utilisation Gardien
11%
Pays d'origine Scandinavie
8%
Hauteur max 3m50
6%
Aucun quiz correspondant
Distribution des résultats
% des personnes avec chaque résultat
Percentile par nombre de réponses
Votre historique - résultats
Vous n’avez pas pris ce quiz depuis la dernière actualisation